| 000 | 01230nam a2200241 a 4500 | ||
|---|---|---|---|
| 001 | 000908270 | ||
| 003 | AM-YEHGA | ||
| 005 | 20250617164813.0 | ||
| 008 | 120727s1962 mv r 000 0 rus d | ||
| 040 | _aAM-YeHGA | ||
| 041 | 0 | _arus | |
| 110 | 2 |
_aНаучно-техническая конференция по зеленому горошку _d(1962 : _cКишинев) |
|
| 245 | 1 | 0 |
_aМатериалы научно-технической конференции по зеленому горошку / _cРед. В. Синина; Мин. производ. и загот. с.-х. продукт. МССР; Молд. НТОСХ. |
| 260 |
_aКишинев : _bИзд. Сельскохоз. лит., _c1962. |
||
| 300 |
_a44 с. : _bтабл. ; _c21 см. |
||
| 650 | 1 | 4 | _aБахчевые культуры |
| 650 | 1 | 4 | _aГорох |
| 700 | 1 |
_aСинина, В. _eред. _4edt |
|
| 710 | 2 | _aМинистерство производства и заготовок сельскогохозяйственных продуктов Молдавской ССР | |
| 710 | 2 | _aМолдавское научно-техническое общество сельского хозяйства | |
| 942 |
_2udc _cBK |
||
| 090 | _c568278 | ||
| 999 |
_c529792 _d529792 |
||